[Event "Montcalm 4 2017-18"]
[Site "Quebec CAN"]
[Date "2018.02.01"]
[Round "4"]
[White "Perreault, Jacquelin"]
[Black "Chouinard, Etienne"]
[Result "1/2-1/2"]
[WhiteElo "1815"]
[BlackElo "1906"]
[PlyCount "100"]
[EventDate "2018.01.11"]
[EventType "swiss"]
[EventRounds "5"]
[EventCountry "CAN"]

1. e4 e5 2. Nf3 Nc6 3. Bb5 Nf6 4. O-O Bc5 5. Nc3 d6 6. d4 exd4 7. Nxd4 Bd7 8.
Be3 Nxd4 9. Bxd7+ Qxd7 10. Bxd4 Bxd4 11. Qxd4 O-O 12. Rad1 Rfe8 13. Rfe1 Qc6
14. f3 a6 15. Re2 Kf8 16. Nd5 Nxd5 17. Qxd5 Qxd5 18. Rxd5 Re5 19. Kf2 Ke7 20.
f4 Rxd5 21. exd5+ Kf6 22. g4 h6 23. h4 Rc8 24. g5+ hxg5 25. hxg5+ Kf5 26. Kf3
f6 27. gxf6 gxf6 28. Re7 c6 29. Rxb7 cxd5 30. c3 Rc4 31. Rb4 a5 32. Rxc4 dxc4
33. b4 cxb3 34. axb3 d5 35. Ke3 Kg4 36. Kd4 Kxf4 37. Kxd5 f5 38. c4 Ke3 39. c5
f4 40. c6 f3 41. c7 f2 42. c8=Q f1=Q 43. Qc5+ Kd2 44. Qxa5+ Kc2 45. Qa2+ Kc3
46. Qa4 Qf5+ 47. Kd6 Qf6+ 48. Kc5 Qe5+ 49. Kb6 Qe6+ 50. Kc5 Qe5+ 1/2-1/2

[Event "Montcalm 4 2017-18"]
[Site "Quebec CAN"]
[Date "2018.02.01"]
[Round "4"]
[White "Sarra-Bournet, Marc"]
[Black "Cummins, Paul"]
[Result "1-0"]
[WhiteElo "1851"]
[BlackElo "1736"]
[PlyCount "59"]
[EventDate "2018.01.11"]
[EventType "swiss"]
[EventRounds "5"]
[EventCountry "CAN"]

1. e4 c6 2. d4 d5 3. Nc3 dxe4 4. Nxe4 Nf6 5. Nxf6+ gxf6 6. Nf3 Bg4 7. Be2 Qc7
8. O-O Nd7 9. h3 h5 10. c4 O-O-O 11. Qb3 Bg7 12. Be3 Rdg8 13. Qa3 Bf8 14. Kh1
b6 15. Rac1 Kb8 16. Rfd1 e6 17. Qb3 c5 18. Qb5 Bh6 19. Bxh6 Rxh6 20. b4 cxd4
21. Rxd4 Bxf3 22. Bxf3 Ne5 23. Be2 Ng4 24. f4 Qb7 25. Bf3 Nf2+ 26. Kh2 Ng4+ 27.
Kg1 a6 28. Qd7 Qxf3 29. Qd6+ Ka8 30. gxf3 1-0

[Event "Montcalm 4 2017-18"]
[Site "Quebec CAN"]
[Date "2018.02.08"]
[Round "5"]
[White "Chouinard, Etienne"]
[Black "Auger, Bertrand"]
[Result "1-0"]
[WhiteElo "1906"]
[BlackElo "1944"]
[PlyCount "55"]
[EventDate "2018.01.11"]
[EventType "swiss"]
[EventRounds "5"]
[EventCountry "CAN"]

1. e4 e6 2. d4 d5 3. exd5 exd5 4. Nf3 Bd6 5. Nc3 c6 6. Bd3 Nf6 7. Qe2+ Qe7 8.
Qxe7+ Kxe7 9. O-O h6 10. Re1+ Be6 11. Nh4 Kf8 12. Ng6+ fxg6 13. Rxe6 g5 14. Bg6
Nbd7 15. Bd2 Be7 16. Rae1 Ng8 17. Nxd5 cxd5 18. Bb4 h5 19. Bxe7+ Nxe7 20. Rxe7
Nf6 21. Rf7+ Kg8 22. Ree7 Ne8 23. Rf5 Nf6 24. Rxg5 Rb8 25. Bf5 Kf8 26. Rgxg7
Rh6 27. Be6 Rd8 28. Rgf7+ 1-0

[Event "Montcalm 4 2017-18"]
[Site "Quebec CAN"]
[Date "2018.02.08"]
[Round "5"]
[White "Cummins, Paul"]
[Black "Hines, Jason"]
[Result "1-0"]
[WhiteElo "1736"]
[BlackElo "1442"]
[PlyCount "43"]
[EventDate "2018.01.11"]
[EventType "swiss"]
[EventRounds "5"]
[EventCountry "CAN"]

1. e4 e5 2. Nf3 Nc6 3. Bc4 Nf6 4. d4 Nxe4 5. dxe5 Nxf2 6. Kxf2 Bc5+ 7. Kf1 Nxe5
8. Nxe5 Qh4 9. Qe2 O-O 10. Nf3 Qf6 11. Nc3 c6 12. Ne4 Qe7 13. Bg5 Qe8 14. Nxc5
d5 15. Be7 dxc4 16. Bxf8 Qxf8 17. Qxc4 b6 18. Nd3 Bb7 19. Kf2 Qd8 20. Rhe1 Qf6
21. Qd4 Qg6 22. Qd7 1-0

[Event "Montcalm 4 2017-18"]
[Site "Quebec CAN"]
[Date "2018.02.08"]
[Round "5"]
[White "Garcia Casillas, Carlos"]
[Black "Le-Huu, Pascal"]
[Result "1-0"]
[WhiteElo "1769"]
[BlackElo "1238"]
[PlyCount "47"]
[EventDate "2018.01.11"]
[EventType "swiss"]
[EventRounds "5"]
[EventCountry "CAN"]

1. e4 e5 2. Nf3 Nf6 3. Nxe5 d6 4. Nf3 Nxe4 5. Nc3 Nxc3 6. dxc3 Be7 7. Be3 O-O
8. Qd2 h6 9. O-O-O Be6 10. Kb1 Nc6 11. Nd4 Nxd4 12. cxd4 Kh7 13. Be2 c6 14. h4
f5 15. Bd3 Bd5 16. Rh2 Be4 17. Be2 d5 18. f3 Bxc2+ 19. Qxc2 a5 20. g4 g6 21.
gxf5 Rxf5 22. h5 Qd6 23. hxg6+ Kxg6 24. Rxh6+ 1-0

[Event "Montcalm 4 2017-18"]
[Site "Quebec CAN"]
[Date "2018.02.08"]
[Round "5"]
[White "Leblanc-Legault, Mathieu"]
[Black "Dube, Daniel"]
[Result "1/2-1/2"]
[WhiteElo "1676"]
[BlackElo "1906"]
[PlyCount "158"]
[EventDate "2018.01.11"]
[EventType "swiss"]
[EventRounds "5"]
[EventCountry "CAN"]

1. e3 d5 2. Nf3 Bg4 3. d4 Nd7 4. Be2 e6 5. O-O Ngf6 6. Nbd2 Bd6 7. c4 c6 8. b3
O-O 9. Bb2 Be7 10. h3 Bf5 11. Nb1 Bxb1 12. Qxb1 Ne4 13. Bd3 f5 14. cxd5 exd5
15. Qc2 Bd6 16. Nd2 Ndf6 17. Rfe1 Bc7 18. Ba3 Re8 19. Nf1 g6 20. b4 Rc8 21. Qb3
b5 22. Bc1 Nd6 23. a4 a6 24. axb5 axb5 25. Ra6 Nc4 26. Bd2 Ne4 27. Bc3 Qh4 28.
Qc2 g5 29. Bxc4 bxc4 30. f3 Nxc3 31. Qxc3 g4 32. fxg4 fxg4 33. e4 gxh3 34. g3
Qh5 35. Rxc6 Rf8 36. Nh2 Rf7 37. e5 Rg7 38. Rf6 Bd8 39. Qf3 Qxf3 40. Rxf3 Bb6
41. Rd1 c3 42. Rfd3 c2 43. Rc1 Ra7 44. Nf3 Ra2 45. Rd2 Rb2 46. Kh2 Rxb4 47.
Rcxc2 Rcc4 48. Rxc4 dxc4 49. Kxh3 c3 50. Rc2 Bxd4 51. Nxd4 Rxd4 52. Rxc3 Re4
53. Rc5 Kf7 54. Rc7+ Kg6 55. Re7 h6 56. g4 Re1 57. Kg2 h5 58. Kf2 Re4 59. gxh5+
Kxh5 60. Kf3 Re1 61. Kf4 Kg6 62. Ra7 Rf1+ 63. Ke4 Rf7 64. Ra8 Kg7 65. Kd5 Rb7
66. e6 Rb5+ 67. Kc6 Re5 68. Kd7 Re1 69. Ke7 Rd1 70. Rd8 Re1 71. Rd6 Re3 72. Ra6
Rd3 73. Ke8 Rd4 74. e7 Rd1 75. Ra7 Rd2 76. Rd7 Ra2 77. Rd6 Ra8+ 78. Kd7 Kf7 79.
Rc6 Ra7+ 1/2-1/2

[Event "Montcalm 4 2017-18"]
[Site "Quebec CAN"]
[Date "2018.02.08"]
[Round "5"]
[White "Lessard, Claude"]
[Black "Cournoyer, Dominic"]
[Result "1-0"]
[WhiteElo "2152"]
[BlackElo "1962"]
[PlyCount "51"]
[EventDate "2018.01.11"]
[EventType "swiss"]
[EventRounds "5"]
[EventCountry "CAN"]

1. e4 d5 2. exd5 c6 3. dxc6 Nxc6 4. Nf3 e5 5. Nc3 Nf6 6. Bc4 Bc5 7. O-O O-O 8.
d3 Bg4 9. Be3 Nd4 10. Bxd4 Bxd4 11. h3 Bh5 12. g4 Bg6 13. Ne2 h5 14. Nfxd4 exd4
15. Nf4 Kh8 16. Qf3 hxg4 17. hxg4 Qd7 18. Nxg6+ fxg6 19. Qh3+ Nh7 20. Kg2 g5
21. Rh1 g6 22. Rae1 Rf4 23. f3 Raf8 24. Bd5 Qc7 25. Re2 R4f6 26. Rhe1 1-0

[Event "Montcalm 4 2017-18"]
[Site "Quebec CAN"]
[Date "2018.02.08"]
[Round "5"]
[White "Sarra-Bournet, Marc"]
[Black "Pare, Marc"]
[Result "1-0"]
[WhiteElo "1851"]
[BlackElo "2003"]
[PlyCount "113"]
[EventDate "2018.01.11"]
[EventType "swiss"]
[EventRounds "5"]
[EventCountry "CAN"]

1. e4 d5 2. exd5 Nf6 3. Nf3 Nxd5 4. d4 g6 5. c4 Nb6 6. Nc3 Bg7 7. c5 Nd5 8. Bc4
c6 9. O-O O-O 10. Qb3 e6 11. Bg5 Bf6 12. Bxf6 Qxf6 13. Ne4 Qd8 14. Rfe1 Nd7 15.
Nd6 b6 16. Rac1 bxc5 17. Bxd5 cxd5 18. Qa3 cxd4 19. Nxd4 Nb6 20. Nc6 Qf6 21.
Rc3 Bd7 22. Rf3 Qg7 23. Ne5 f6 24. Nxd7 Qxd7 25. Rfe3 e5 26. Rd3 Rad8 27. Ne4
Qf7 28. Red1 Rd7 29. Nc5 Re7 30. Qa6 d4 31. b3 Qd5 32. Qa3 Rc7 33. Na6 Rcc8 34.
b4 Rf7 35. Nc5 Nd7 36. Nb3 Nf8 37. f3 Ne6 38. Qa6 Rc6 39. Qa4 Rc8 40. R3d2 Kg7
41. Nc1 Rfc7 42. Nd3 Rc3 43. Qxa7+ R8c7 44. Qa4 Qc4 45. Nb2 Qd5 46. Nd3 e4 47.
fxe4 Qxe4 48. Re1 Rxd3 49. Rxe4 Rc1+ 50. Kf2 Rxd2+ 51. Re2 Rxe2+ 52. Kxe2 Nf4+
53. Kd2 Rg1 54. Qa7+ Kh6 55. Qxd4 Rxg2+ 56. Ke3 Rg4 57. Qxf4+ 1-0

[Event "Montcalm 5 2017-18"]
[Site "Quebec CAN"]
[Date "2018.02.15"]
[Round "1"]
[White "Auger, Bertrand"]
[Black "Hines, Jason"]
[Result "1-0"]
[WhiteElo "1915"]
[BlackElo "1472"]
[PlyCount "47"]
[EventDate "2018.02.15"]
[EventType "swiss"]
[EventRounds "5"]
[EventCountry "CAN"]

1. Nf3 Nf6 2. g3 e6 3. Bg2 d5 4. O-O c5 5. c4 d4 6. a3 Nc6 7. d3 e5 8. b4 Bd6
9. e3 Bg4 10. b5 Ne7 11. exd4 exd4 12. h3 Bc8 13. Bg5 Ng6 14. Re1+ Ne7 15. Qe2
Nd7 16. Bxe7 Bxe7 17. Nbd2 Nf6 18. Qe5 Be6 19. Ng5 Bd6 20. Nxe6 fxe6 21. Qxe6+
Be7 22. Ne4 Nd7 23. Nd6+ Kf8 24. Qf7# 1-0

[Event "Montcalm 5 2017-18"]
[Site "Quebec CAN"]
[Date "2018.02.15"]
[Round "1"]
[White "Chabot, Sebastien"]
[Black "Perreault, Jacquelin"]
[Result "0-1"]
[WhiteElo "1283"]
[BlackElo "1817"]
[PlyCount "84"]
[EventDate "2018.02.15"]
[EventType "swiss"]
[EventRounds "5"]
[EventCountry "CAN"]

1. d4 Nf6 2. c4 e6 3. Nf3 b6 4. Nc3 Bb4 5. Bd2 Bb7 6. e4 Bxc3 7. Bxc3 Nxe4 8.
d5 Nxc3 9. bxc3 O-O 10. Be2 d6 11. O-O Nd7 12. a4 a5 13. Qd2 Nc5 14. Bd1 Qf6
15. Bc2 Ba6 16. Ng5 h6 17. Nh7 Qh4 18. g3 Qxc4 19. Nf6+ Kh8 20. Rfe1 e5 21. Qe3
Bb7 22. Rad1 Bc8 23. Nh7 Bd7 24. Nf6 Bxa4 25. Bxa4 Qxa4 26. Nh5 Qg4 27. Nf6 Qg6
28. Nd7 Nxd7 29. f4 Rfe8 30. Rf1 Nf6 31. c4 Qe4 32. Qc1 Ng4 33. Rde1 Qd4+ 34.
Kg2 exf4 35. Rxf4 Rxe1 36. Qxe1 Qe3 37. Qb1 Qe2+ 38. Kh3 Nf2+ 39. Rxf2 Qxf2 40.
Qb5 Qf1+ 41. Kg4 f5+ 42. Kh5 Qh3+ 0-1

[Event "Montcalm 5 2017-18"]
[Site "Quebec CAN"]
[Date "2018.02.15"]
[Round "1"]
[White "Cournoyer, Dominic"]
[Black "Dumont, Eric"]
[Result "1/2-1/2"]
[WhiteElo "1968"]
[BlackElo "1721"]
[PlyCount "115"]
[EventDate "2018.02.15"]
[EventType "swiss"]
[EventRounds "5"]
[EventCountry "CAN"]

1. c4 c6 2. Nf3 Nf6 3. Nc3 d5 4. cxd5 cxd5 5. d4 Nc6 6. Bf4 a6 7. e3 e6 8. Bd3
Bd6 9. Bxd6 Qxd6 10. O-O O-O 11. Rc1 b5 12. Qd2 Bb7 13. Bb1 Rac8 14. Ne1 e5 15.
Bf5 Rc7 16. g3 Ne7 17. Bh3 Bc8 18. Bxc8 Rfxc8 19. dxe5 Qxe5 20. Nd3 Qf5 21. Nf4
h6 22. Nce2 Ne4 23. Qa5 Rxc1 24. Rxc1 Rxc1+ 25. Nxc1 Qc8 26. Ncd3 g5 27. Ne2
Nf5 28. Nc3 Nxc3 29. Qxc3 Qc4 30. Qxc4 dxc4 31. Nc5 a5 32. Kf1 Kf8 33. Ke2 Ke7
34. Kd2 h5 35. Kc3 Nd6 36. a3 f5 37. Kd4 f4 38. e4 fxg3 39. fxg3 g4 40. Ke5 b4
41. axb4 axb4 42. Na4 Nb5 43. Kf5 Nd4+ 44. Kg5 Nf3+ 45. Kxh5 Nxh2 46. Kg5 Ke6
47. Kf4 Kd6 48. e5+ Ke6 49. Nc5+ Ke7 50. Kf5 Nf3 51. Kxg4 Nxe5+ 52. Kf4 Nc6 53.
Ke4 Kd6 54. Na4 Ne5 55. Kd4 Ke6 56. Nb6 c3 57. bxc3 bxc3 58. Kxc3 1/2-1/2

[Event "Montcalm 5 2017-18"]
[Site "Quebec CAN"]
[Date "2018.02.15"]
[Round "1"]
[White "Cummins, Paul"]
[Black "Le-Huu, Pascal"]
[Result "1-0"]
[WhiteElo "1748"]
[BlackElo "1228"]
[PlyCount "53"]
[EventDate "2018.02.15"]
[EventType "swiss"]
[EventRounds "5"]
[EventCountry "CAN"]

1. e4 e5 2. Nf3 Nf6 3. d3 Nc6 4. g3 Bc5 5. h3 d5 6. exd5 Qxd5 7. Bg2 Be6 8. O-O
O-O-O 9. Ng5 Qd7 10. Nxe6 Qxe6 11. Nc3 h5 12. Bg5 Be7 13. b4 Nh7 14. Bxe7 Qxe7
15. Ne4 f5 16. Nc5 Nf6 17. Nxb7 Kxb7 18. b5 e4 19. bxc6+ Ka8 20. Qe2 h4 21.
gxh4 Rxh4 22. dxe4 Nxe4 23. Rab1 Rhh8 24. Rb5 Qh4 25. Ra5 Nc3 26. Qa6 Qd4 27.
Qb7# 1-0

[Event "Montcalm 5 2017-18"]
[Site "Quebec CAN"]
[Date "2018.02.15"]
[Round "1"]
[White "Lescarbeau, Martin"]
[Black "Sauve, Richard"]
[Result "0-1"]
[WhiteElo "1660"]
[BlackElo "1919"]
[PlyCount "73"]
[EventDate "2018.02.15"]
[EventType "swiss"]
[EventRounds "5"]
[EventCountry "CAN"]

1. d4 d5 2. e4 dxe4 3. Nc3 Nf6 4. f3 Bf5 5. Bg5 Nbd7 6. Qd2 h6 7. Be3 e6 8. a3
Be7 9. O-O-O c6 10. h4 Qa5 11. Nxe4 Qxd2+ 12. Nxd2 Nd5 13. Bf2 O-O-O 14. Ne2
N7f6 15. Nc4 Bh7 16. Ne5 Rhf8 17. c4 Nb6 18. g4 Nfd7 19. Nc3 Nxe5 20. dxe5
Rxd1+ 21. Kxd1 Rd8+ 22. Kc1 Bd3 23. Bxb6 axb6 24. Bxd3 Rxd3 25. Rh3 Rd4 26. b3
Bxa3+ 27. Kc2 Be7 28. Ne4 f5 29. exf6 gxf6 30. g5 fxg5 31. hxg5 Bxg5 32. Nxg5
hxg5 33. Rg3 Rf4 34. Kd3 Rf5 35. Ke4 b5 36. Rh3 bxc4 37. bxc4 0-1

[Event "Montcalm 5 2017-18"]
[Site "Quebec CAN"]
[Date "2018.02.22"]
[Round "2"]
[White "Dumont, Eric"]
[Black "Lescarbeau, Martin"]
[Result "0-1"]
[WhiteElo "1721"]
[BlackElo "1660"]
[PlyCount "126"]
[EventDate "2018.02.15"]
[EventType "swiss"]
[EventRounds "5"]
[EventCountry "CAN"]

1. d4 Nf6 2. Bf4 g6 3. e3 Bg7 4. h3 c5 5. c3 Qb6 6. Qc1 O-O 7. Nf3 d6 8. Bd3
cxd4 9. exd4 Nc6 10. Nbd2 e5 11. Nc4 Qc7 12. dxe5 dxe5 13. Bh2 Nd7 14. O-O Nc5
15. Bc2 b5 16. Ne3 f5 17. c4 b4 18. Nd5 Qf7 19. Qe3 Nd4 20. Rac1 Nxc2 21. Qxc5
Nd4 22. Nxd4 exd4 23. Nxb4 Be6 24. b3 Rfd8 25. Nd3 Rac8 26. Qa5 Bh6 27. Rcd1 f4
28. Qd2 g5 29. Rfe1 Bf5 30. h4 Bxd3 31. hxg5 Bxg5 32. Qxd3 Rc6 33. Re5 Rg6 34.
Qf3 Rf8 35. Qd5 Qxd5 36. Rxd5 f3 37. Rd6 Rg7 38. Bg3 Be3 39. fxe3 dxe3 40. gxf3
Rxg3+ 41. Kh2 Rgxf3 42. Rd7 Rf2+ 43. Kh3 e2 44. Rg1+ Kh8 45. Rgg7 R2f7 46.
Rgxf7 Rxf7 47. Rxf7 e1=Q 48. Rf3 Qd2 49. Rg3 Qxa2 50. Kg4 Qe2+ 51. Kf4 a5 52.
Re3 Qf2+ 53. Rf3 Qd4+ 54. Kg3 h5 55. Kg2 Qd2+ 56. Kg3 Qg5+ 57. Kf2 h4 58. Kf1
Qg4 59. Kf2 h3 60. Rg3 Qf4+ 61. Rf3 Qd2+ 62. Kg3 Qg2+ 63. Kf4 h2 0-1

[Event "Montcalm 5 2017-18"]
[Site "Quebec CAN"]
[Date "2018.02.22"]
[Round "2"]
[White "Hines, Jason"]
[Black "Cournoyer, Dominic"]
[Result "0-1"]
[WhiteElo "1472"]
[BlackElo "1968"]
[PlyCount "52"]
[EventDate "2018.02.15"]
[EventType "swiss"]
[EventRounds "5"]
[EventCountry "CAN"]

1. e4 d5 2. exd5 Qxd5 3. Nc3 Qa5 4. d4 Nf6 5. Bd2 Qb6 6. Nf3 c6 7. Na4 Qc7 8.
Nc5 b6 9. Nd3 e6 10. Qe2 Bd6 11. c4 O-O 12. O-O-O Nbd7 13. Nde5 c5 14. g4 cxd4
15. Nxd7 Bxd7 16. g5 Nd5 17. Nxd4 Nf4 18. Qe3 b5 19. Kb1 bxc4 20. Rc1 e5 21.
Ne2 Bf5+ 22. Ka1 Qb7 23. Rg1 Nd3 24. Bc3 Nxc1 25. Bg2 Nb3+ 26. axb3 Qa6+ 0-1

[Event "Montcalm 5 2017-18"]
[Site "Quebec CAN"]
[Date "2018.02.22"]
[Round "2"]
[White "Leblanc-Legault, Mathieu"]
[Black "Auger, Bertrand"]
[Result "0-1"]
[WhiteElo "1723"]
[BlackElo "1915"]
[PlyCount "60"]
[EventDate "2018.02.15"]
[EventType "swiss"]
[EventRounds "5"]
[EventCountry "CAN"]

1. e3 g6 2. Nf3 Bg7 3. d4 d6 4. Be2 Nf6 5. O-O O-O 6. b4 a5 7. b5 c5 8. Bb2
Nbd7 9. c4 cxd4 10. exd4 Ne4 11. a4 b6 12. Nc3 Bb7 13. Nxe4 Bxe4 14. Bd3 Bb7
15. Qe2 d5 16. Rac1 Rc8 17. Ba3 dxc4 18. Bxc4 Bxf3 19. Qxf3 Bxd4 20. Qe4 Nc5
21. Bxc5 Rxc5 22. Rfd1 e5 23. Qb7 Qf6 24. Bb3 Rxc1 25. Rxc1 Qxf2+ 26. Kh1 Qb2
27. Bxf7+ Rxf7 28. Qc8+ Kg7 29. Rc7 Qb1+ 30. Rc1 Rf1+ 0-1

[Event "Montcalm 5 2017-18"]
[Site "Quebec CAN"]
[Date "2018.02.22"]
[Round "2"]
[White "Sauve, Richard"]
[Black "Cummins, Paul"]
[Result "1-0"]
[WhiteElo "1919"]
[BlackElo "1748"]
[PlyCount "46"]
[EventDate "2018.02.15"]
[EventType "swiss"]
[EventRounds "5"]
[EventCountry "CAN"]

1. d4 Nf6 2. c4 e6 3. Nc3 Bb4 4. Qc2 h6 5. Bd2 b6 6. e4 Bb7 7. Bd3 Nc6 8. Nge2
O-O 9. O-O-O e5 10. d5 Ne7 11. f3 d6 12. g4 Nd7 13. h4 Nc5 14. h5 f6 15. Ng3
Nxd3+ 16. Qxd3 Bxc3 17. Qxc3 b5 18. Nf5 Nxf5 19. gxf5 Kf7 20. c5 c6 21. dxc6
Bxc6 22. Be3 Rc8 23. Qb3+ Ke8 1-0

[Event "Montcalm 5 2017-18"]
[Site "Quebec CAN"]
[Date "2018.03.01"]
[Round "3"]
[White "Auger, Bertrand"]
[Black "Sauve, Richard"]
[Result "0-1"]
[WhiteElo "1915"]
[BlackElo "1919"]
[PlyCount "78"]
[EventDate "2018.02.15"]
[EventType "swiss"]
[EventRounds "5"]
[EventCountry "CAN"]

1. Nf3 d5 2. g3 e6 3. Bg2 Bd6 4. O-O f5 5. c4 c6 6. b3 Qe7 7. d4 Nf6 8. Bb2 O-O
9. Ne5 b6 10. a4 Bb7 11. a5 Na6 12. Nd2 c5 13. e3 Ne4 14. axb6 axb6 15. f3 Nxd2
16. Qxd2 Bxe5 17. dxe5 Nb4 18. cxd5 Bxd5 19. Rxa8 Rxa8 20. Qc3 Qb7 21. Rf2 Ra2
22. Ba1 Qa6 23. Bb2 Qd3 24. Rd2 Qxc3 25. Bxc3 Rxd2 26. Bxd2 Bxb3 27. Bf1 Bd5
28. Kf2 Kf7 29. f4 Ke7 30. Bb5 Bc6 31. Bxb4 Bxb5 32. Ba3 Kd7 33. Kf3 Bc6+ 34.
Ke2 Be4 35. Kd2 Kc6 36. Kc3 b5 37. Bc1 b4+ 38. Kc4 Bd5+ 39. Kd3 Kb5 0-1

[Event "Montcalm 5 2017-18"]
[Site "Quebec CAN"]
[Date "2018.03.01"]
[Round "3"]
[White "Cournoyer, Dominic"]
[Black "Perreault, Jacquelin"]
[Result "1-0"]
[WhiteElo "1968"]
[BlackElo "1817"]
[PlyCount "139"]
[EventDate "2018.02.15"]
[EventType "swiss"]
[EventRounds "5"]
[EventCountry "CAN"]

1. c4 f5 2. Nf3 Nf6 3. Nc3 e6 4. g3 b6 5. Bg2 Bb7 6. b3 Be7 7. O-O O-O 8. Bb2
c5 9. d4 cxd4 10. Nb5 a6 11. Nbxd4 Qc7 12. Rc1 Nc6 13. Nxc6 Bxc6 14. Ne5 Bxg2
15. Kxg2 d6 16. Nf3 e5 17. e3 Qb7 18. Kg1 Rad8 19. Qe2 Ne4 20. Rcd1 Ng5 21.
Nxg5 Bxg5 22. f4 exf4 23. exf4 Rfe8 24. Qh5 Bh6 25. Qxf5 g6 26. Qd5+ Qxd5 27.
Rxd5 Bg7 28. Ba3 Bf8 29. Kf2 Kf7 30. Rfd1 Re6 31. Kf3 h5 32. Kf2 Be7 33. h3 Bf8
34. g4 hxg4 35. hxg4 Be7 36. Rh1 Kg8 37. Rd3 Bf6 38. g5 Bg7 39. Rhd1 Bf8 40.
R1d2 Be7 41. Kg3 Bf8 42. Kg4 Be7 43. Rd4 Kf7 44. Rh2 Bf8 45. Rd3 Bg7 46. Kf3
Kg8 47. Re2 Rxe2 48. Kxe2 Bf8 49. Kf3 Kf7 50. Kg4 Ke6 51. Rd5 Be7 52. f5+ gxf5+
53. Rxf5 Rh8 54. Rf2 Rg8 55. Re2+ Kf7 56. Bc1 Ke8 57. Bf4 Kd7 58. Rh2 Rg7 59.
Rh8 Kc6 60. Kf5 Rf7+ 61. Ke4 b5 62. cxb5+ axb5 63. g6 d5+ 64. Kf3 Rg7 65. Rh7
Bf6 66. Rxg7 Bxg7 67. Ke3 Kc5 68. Kd3 Kb4 69. Bd6+ Ka5 70. Bc5 1-0

[Event "Montcalm 5 2017-18"]
[Site "Quebec CAN"]
[Date "2018.03.01"]
[Round "3"]
[White "Cummins, Paul"]
[Black "Pare, Marc"]
[Result "0-1"]
[WhiteElo "1733"]
[BlackElo "2008"]
[PlyCount "62"]
[EventDate "2018.02.15"]
[EventType "swiss"]
[EventRounds "5"]
[EventCountry "CAN"]

1. d4 Nf6 2. Nf3 e6 3. g3 d5 4. Bg2 c6 5. O-O Be7 6. Nbd2 O-O 7. Re1 Nbd7 8. c4
Ne4 9. Qc2 f5 10. b3 Bf6 11. Bb2 Kh8 12. Rad1 Qe8 13. Ne5 Qh5 14. Nd3 g5 15.
Nxe4 fxe4 16. Nc5 Qg6 17. e3 Bg7 18. Ba3 Rf7 19. Qe2 g4 20. b4 a6 21. Bb2 Nf8
22. Na4 b5 23. Nb6 Rb8 24. Nxc8 Rxc8 25. c5 h5 26. a4 Nh7 27. h4 gxh3 28. Bxh3
Ng5 29. Kg2 Rcf8 30. Rf1 Rf3 31. Rd2 h4 0-1

[Event "Montcalm 5 2017-18"]
[Site "Quebec CAN"]
[Date "2018.03.01"]
[Round "3"]
[White "Garcia Casillas, Carlos"]
[Black "Le-Huu, Pascal"]
[Result "1-0"]
[WhiteElo "1742"]
[BlackElo "1228"]
[PlyCount "65"]
[EventDate "2018.02.15"]
[EventType "swiss"]
[EventRounds "5"]
[EventCountry "CAN"]

1. e4 e5 2. Nf3 Nf6 3. Nxe5 d6 4. Nf3 Nxe4 5. Nc3 Nxc3 6. dxc3 Be7 7. Be3 Bf5
8. Qd2 O-O 9. O-O-O Nc6 10. h4 Na5 11. Nd4 Be6 12. Nxe6 fxe6 13. c4 c5 14. h5
Kh8 15. g4 a6 16. g5 b5 17. cxb5 axb5 18. Bxb5 Qb6 19. a4 d5 20. g6 Nc4 21.
Bxc4 dxc4 22. h6 Bf6 23. hxg7+ Bxg7 24. Rxh7+ Kg8 25. Rxg7+ Kxg7 26. Bh6+ Kg8
27. Bxf8 Rxa4 28. Qh6 Ra1+ 29. Kd2 Qd8+ 30. Ke3 Qf6 31. Qh7+ Kxf8 32. Rd8+ Qxd8
33. Qf7# 1-0

[Event "Montcalm 5 2017-18"]
[Site "Quebec CAN"]
[Date "2018.03.08"]
[Round "4"]
[White "Hines, Jason"]
[Black "Dumont, Eric"]
[Result "0-1"]
[WhiteElo "1472"]
[BlackElo "1721"]
[PlyCount "74"]
[EventDate "2018.02.15"]
[EventType "swiss"]
[EventRounds "5"]
[EventCountry "CAN"]

1. e4 c6 2. Bc4 d5 3. Bb3 dxe4 4. Qh5 e6 5. f3 Nf6 6. Qg5 h6 7. Qg3 Nbd7 8. Nc3
Nc5 9. Bc4 b5 10. Be2 b4 11. Nd1 Qd6 12. f4 Nd5 13. Nh3 Ba6 14. Bxa6 Nxa6 15.
b3 g5 16. O-O Bg7 17. Rb1 Qc5+ 18. d4 Bxd4+ 19. Ndf2 Qxc2 20. fxg5 Qxb1 21.
gxh6 Nc3 22. Qd6 Rc8 23. Kh1 Bc5 24. Qe5 Rxh6 25. Qg7 Rg6 26. Qh8+ Kd7 27. Qh7
Rcg8 28. Qxf7+ Kc8 29. Nf4 e3 30. N2d3 e2 31. Re1 R6g7 32. Qxe6+ Kb7 33. Ne5
Nc7 34. Qc4 Bd6 35. Ned3 Nxa2 36. Bd2 Qd1 37. Bxb4 Bxb4 0-1

[Event "Montcalm 5 2017-18"]
[Site "Quebec CAN"]
[Date "2018.03.08"]
[Round "4"]
[White "Pare, Marc"]
[Black "Auger, Bertrand"]
[Result "1-0"]
[WhiteElo "2008"]
[BlackElo "1915"]
[PlyCount "91"]
[EventDate "2018.02.15"]
[EventType "swiss"]
[EventRounds "5"]
[EventCountry "CAN"]

1. e4 e6 2. d4 d5 3. e5 c5 4. c3 Qb6 5. Nf3 Nc6 6. a3 Bd7 7. b4 cxd4 8. cxd4
Rc8 9. Be3 Be7 10. Bd3 f6 11. O-O Qc7 12. Bf4 Qd8 13. Nbd2 f5 14. g3 h6 15. Be3
g5 16. Ne1 h5 17. Be2 g4 18. Ng2 Bg5 19. Nb3 Qe7 20. Nf4 Qg7 21. Nc5 Nd8 22.
Rc1 Rxc5 23. Rxc5 h4 24. Kg2 Ne7 25. Rc1 Qh6 26. Rh1 h3+ 27. Kf1 Rf8 28. Qd2
Nf7 29. b5 Ng6 30. Rg1 Bxf4 31. Bxf4 Nxf4 32. gxf4 Qh4 33. Rg3 Rg8 34. a4 Nh8
35. Rc7 Qd8 36. Rgc3 Bc6 37. Rh7 Bd7 38. b6 a6 39. Rc7 Nf7 40. Rxb7 Rh8 41.
Rxh8+ Nxh8 42. Qb4 Nf7 43. Bxa6 Qc8 44. Qc5 Qc6 45. Qxc6 Bxc6 46. Ra7 1-0

[Event "Montcalm 5 2017-18"]
[Site "Quebec CAN"]
[Date "2018.03.08"]
[Round "4"]
[White "Perreault, Jacquelin"]
[Black "Leblanc-Legault, Mathieu"]
[Result "0-1"]
[WhiteElo "1817"]
[BlackElo "1727"]
[PlyCount "112"]
[EventDate "2018.02.15"]
[EventType "swiss"]
[EventRounds "5"]
[EventCountry "CAN"]

1. e4 c6 2. d4 d5 3. Nd2 dxe4 4. Nxe4 Nd7 5. Nf3 Ngf6 6. Nxf6+ Nxf6 7. Bf4 Bf5
8. Bd3 Bxd3 9. Qxd3 e6 10. O-O Bd6 11. Bxd6 Qxd6 12. Rfe1 O-O 13. c4 c5 14.
Rad1 Rfd8 15. Qe2 Qb6 16. dxc5 Qxc5 17. Rxd8+ Rxd8 18. Rd1 Rxd1+ 19. Qxd1 h6
20. Qd8+ Kh7 21. Qd3+ Kg8 22. a3 a5 23. Qd4 Qf5 24. h3 Qb1+ 25. Kh2 Qc2 26. Ne5
Qe4 27. Qd8+ Kh7 28. Qd3 Kg8 29. Qxe4 Nxe4 30. Nd3 Kf8 31. f3 Nd2 32. c5 Nc4
33. Kg3 e5 34. a4 f6 35. Kf2 Ke7 36. Ke2 Ke6 37. b3 Na3 38. b4 axb4 39. Nxb4
Nc4 40. c6 b6 41. c7 Kd7 42. Nd5 Nb2 43. c8=Q+ Kxc8 44. Nxb6+ Kb7 45. a5 Ka6
46. Ke3 Kxa5 47. Nd7 Nc4+ 48. Ke4 Kb5 49. Nf8 Kc6 50. Ne6 Nd6+ 51. Ke3 Ne8 52.
Ke4 Kd6 53. Nf8 Ke7 54. Ng6+ Kf7 55. Nh4 Nd6+ 56. Ke3 g5 0-1

[Event "Montcalm 5 2017-18"]
[Site "Quebec CAN"]
[Date "2018.03.08"]
[Round "4"]
[White "Sarra-Bournet, Marc"]
[Black "Fecteau, Martin"]
[Result "1-0"]
[WhiteElo "1921"]
[BlackElo "1952"]
[PlyCount "47"]
[EventDate "2018.02.15"]
[EventType "swiss"]
[EventRounds "5"]
[EventCountry "CAN"]

1. e4 c5 2. Nc3 d6 3. f4 Nc6 4. Nf3 g6 5. Bc4 Bg7 6. f5 e6 7. O-O exf5 8. d3
Nge7 9. Bg5 h6 10. Bh4 g5 11. Bf2 O-O 12. Rb1 Na5 13. Nd2 Nxc4 14. Nxc4 b6 15.
Nb5 d5 16. exd5 Nxd5 17. Nbd6 Be6 18. c3 Qd7 19. a4 Ne7 20. d4 cxd4 21. Bxd4
Nc6 22. Bxg7 Kxg7 23. Qf3 Ne5 24. Nxf5+ 1-0